Legal Awareness and Legal Reasoning for CLAT, SLAT, AILET 2022/ (Record no. 185529)
[ view plain ]
| 000 -LEADER | |
|---|---|
| fixed length control field | 00674nam a22001937a 4500 |
| 005 - DATE AND TIME OF LATEST TRANSACTION | |
| control field | 20220203144013.0 |
| 010 ## - LCCN (DPL NO) | |
| LC control number | ENG-131383 |
| 020 ## - INTERNATIONAL STANDARD BOOK NUMBER | |
| International Standard Book Number | 9789354493355 |
| Terms of availability | 750.00 |
| 035 ## - SYSTEM CONTROL NUMBER | |
| System control number | EN-114915 |
| 037 ## - SOURCE OF ACQUISITION | |
| Source of stock number/acquisition | DBAD |
| 082 ## - DEWEY DECIMAL CLASSIFICATION NUMBER | |
| Classification number | 001.076 |
| 100 ## - MAIN ENTRY--PERSONAL NAME | |
| Personal name | Bhardwaj, A.P. |
| 245 ## - TITLE STATEMENT | |
| Title | Legal Awareness and Legal Reasoning for CLAT, SLAT, AILET 2022/ |
| Statement of responsibility, etc | A.P. Bhardwaj |
| 250 ## - EDITION STATEMENT | |
| Edition statement | 8e Edition |
| 260 ## - PUBLICATION, DISTRIBUTION, ETC. (IMPRINT) | |
| Place of publication, distribution, etc | Uttar Pradesh |
| Name of publisher, distributor, etc | Pearson India Education Services |
| Date of publication, distribution, etc | 2022 |
| 270 ## - ADDRESS | |
| Address | 15th Flooor, Tower-B, World Trade Tower, Plot No. 1, Block-C, Sector-16 |
| City | Noida |
| Postal code | 201301 |
| Electronic mail address | companysecretary.india@pearson.com |
| 300 ## - PHYSICAL DESCRIPTION | |
| Extent | vp. |
| Dimensions | 28cm(pbk) |
| 942 ## - ADDED ENTRY ELEMENTS (KOHA) | |
| Source of classification or shelving scheme | Dewey Decimal Classification |
| Item type | English Books |
| Classification part | 001.076 |
| Call number suffix | BHA |
| Withdrawn status | Lost status | Not for loan | Collection code | Home library | Current library | Date acquired | Source of acquisition | Cost, normal purchase price | Full call number | Barcode | Copy number | Cost, replacement price | Koha item type |
|---|---|---|---|---|---|---|---|---|---|---|---|---|---|
| Non-fiction | Bawana | Bawana | 03/02/2022 | DBAD/PUB | 750.00 | 001.076 BHA | EN-114915 | 1 | 750.00 | English Books |
